Oceania per Last Letter Quiz Stats

Quiz Updated Aug 26, 2015

Challenge
Share
Tweet
Embed
Score 0/9 Timer 03:00
0 Plays Today
Last Letter Country or Capital % Correct
AApia, Australia, Canberra, Honiara...
99.6%
IFiji, Funafuti, Kiribati
89.7%
DNew Zealand, Ngerulmud
87.9%
UNauru, Palau, Tuvalu, Vanuatu
87.6%
SMarshall Islands, Solomon Islands
78.2%
NWellington, Yaren
61.8%
YPort Moresby
36.3%
RPalikir
22.9%
OMajuro
19.9%

You're not logged in!

Compare scores with friends on all Sporcle quizzes.
Sign Up with Email
OR
Log In

You Might Also Like...

Show Comments

Extras

Top Quizzes Today


Score Distribution

Your Account Isn't Verified!

In order to create a playlist on Sporcle, you need to verify the email address you used during registration. Go to your Sporcle Settings to finish the process.